The last wolf (Record no. 75545)

MARC details
000 -LEADER
fixed length control field 00676nam a2200169 a 4500
008 - FIXED-LENGTH DATA ELEMENTS--GENERAL INFORMATION
fixed length control field 201118s2010 ||||||||||||||||| || u
020 ## - INTERNATIONAL STANDARD BOOK NUMBER
International Standard Book Number 9780440865070
050 ## - LIBRARY OF CONGRESS CALL NUMBER
Classification number PZ 7.O768
100 ## - MAIN ENTRY--PERSONAL NAME
Personal name Morpurgo, Michael
245 14 - TITLE STATEMENT
Title The last wolf
Statement of responsibility, etc. By Michael Morpurgo
260 ## - PUBLICATION, DISTRIBUTION, ETC.
Place of publication, distribution, etc. London
Name of publisher, distributor, etc. Corgi Yearling Books
Date of publication, distribution, etc. 2010
300 ## - PHYSICAL DESCRIPTION
Extent 91 pages
350 ## - PRICE (NR) (BK AM CF MU VM SE) [OBSOLETE]
Price 6.92
650 ## - SUBJECT ADDED ENTRY--TOPICAL TERM
Topical term or geographic name entry element ENGLISH LANGUAGE
995 ## - RECOMMENDATION 995 [LOCAL, UNIMARC FRANCE]
-- CBU-MAIN LIBRARY (Kitwe)
-- 6.92
-- 2
-- AVAILABLE
-- Dec 7, 2020
-- Fiction Collection
995 ## - RECOMMENDATION 995 [LOCAL, UNIMARC FRANCE]
-- CBU-SCHOOL OF MEDICINE LIBRARY (Ndola)
-- 6.92
-- 1
-- AVAILABLE
-- Nov 20, 2020
-- Fiction Collection
Holdings
Withdrawn status Lost status Source of classification or shelving scheme Damaged status Not for loan Home library Current library Shelving location Date acquired Total Checkouts Full call number Barcode Date last seen Copy number Price effective from Koha item type Date last checked out
          CBU-MAIN LIBRARY, KITWE. CBU-MAIN LIBRARY, KITWE.   03/22/2023   PZ 7.O768 750544 03/22/2023 1 03/22/2023 FICTON COLLECTON  
          CBU-SCHOOL OF MEDICINE LIBRARY, NDOLA. CBU-SCHOOL OF MEDICINE LIBRARY, NDOLA.   03/22/2023 1 PZ 7.O768 905216 09/06/2024 2 03/22/2023 FICTON COLLECTON 06/20/2024